| 000 | 00355 a2200133 4500 | ||
|---|---|---|---|
| 001 | 91523 | ||
| 082 | _aPR 1478 | ||
| 090 |
_c43658 _d43657 |
||
| 100 | _aFaisl Riaz; Prof Tahir Mahmood Khalid, Advisor | ||
| 245 |
_aVariable Frequency AC Power Supply _n58 "B" EC |
||
| 260 |
_aRawalpindi _bNUST _c2003 |
||
| 300 | _avii, 64p | ||
| 500 | _aBE Project Reports | ||
| 942 |
_aCAE NUST _kPR 1478 |
||
| 999 |
_c326596 _d326596 |
||